| 000 | 00359nam a2200145Ia 4500 | ||
|---|---|---|---|
| 008 | 191201s2012 xx 000 0 und d | ||
| 082 |
_a006.32 _bSII |
||
| 100 | _aSIVANANDAM, S N | ||
| 245 | 0 | _aIntroduction to Neural Networks Using Matlab 6.0 | |
| 250 | _aRep | ||
| 260 |
_aN. Delhi _bTMH _c2012 |
||
| 300 | _a656 | ||
| 650 | _aB.Tech(CSE) | ||
| 942 |
_2ddc _cBK |
||
| 999 |
_c5668 _d5668 |
||